|
|
|
|
| LEADER |
00000nam0a2200000 4500 |
| 001 |
147916 |
| 005 |
20231031145219.0 |
| 010 |
|
|
|a 5235001427
|
| 020 |
|
|
|a RU
|b 88-51486
|
| 035 |
|
|
|a (RuTPU)RU\TPU\book\160343
|
| 090 |
|
|
|a 147916
|
| 100 |
|
|
|a 20081124d1988 m y0rusy5003 ca
|
| 101 |
0 |
|
|a rus
|
| 102 |
|
|
|a RU
|
| 105 |
|
|
|a c z 000ay
|
| 200 |
1 |
|
|a Не одна во поле дороженька
|e избранное
|f В. С. Ревунов
|g авт. предисл. И. Денисова
|
| 210 |
|
|
|a Москва
|c Молодая гвардия
|d 1988
|
| 215 |
|
|
|a 462,[2] с., [1] л. портр.
|
| 333 |
|
|
|a Исключено из фонда НТБ ТПУ
|
| 700 |
|
1 |
|a Ревунов
|b В. С.
|g Виктор Сергеевич
|
| 702 |
|
1 |
|a Денисова
|b И.
|4 080
|
| 801 |
|
0 |
|a RU
|b RuMRKP
|c 19950417
|g psbo
|
| 801 |
|
1 |
|a RU
|b 63413507
|c 20081124
|g PSBO
|
| 801 |
|
2 |
|a RU
|b 63413507
|c 20220516
|g PSBO
|
| 942 |
|
|
|c BK
|